000 00356nam a2200157Ia 4500
003 Ost
005 20260225132544.0
008 260225s9999||||xx |||||||||||||| ||und||
040 _cfsic
041 _afre
082 _a440
100 _aMichel maynadies
_eAuteur
245 0 _aBibliographie Algerienne /
245 0 _cMichel maynadies
942 _cكتاب
999 _c33713
_d33713